Cataluña viva : Las Palmas, 20-26 marzo 1982 Las Palmas, 20-26 marzo 1982
Publicado:
[Barcelona] :
Dirección General de Promoción Comercial, Departamento de Comercio y Turismo de la Generalitat de Catalunya, dl 1982
Descripción Física:
[20] p. : il. ; 30 cm
Otros Autores:
Catalunya. Direcció General de Promoció Comercial
Materias:
Catalunya -- Exposicions
MARC
| LEADER | 00000nam a2200000Ia 4500 | ||
|---|---|---|---|
| 001 | 1329 | ||
| 008 | 160829s9999 xx 000 0 cat d | ||
| 080 | |a FU-17-15 | ||
| 245 | |a Cataluña viva : |b Las Palmas, 20-26 marzo 1982 | ||
| 260 | |a [Barcelona] : |b Dirección General de Promoción Comercial, Departamento de Comercio y Turismo de la Generalitat de Catalunya, dl 1982 | ||
| 300 | |a [20] p. : |b il. ; |c 30 cm | ||
| 590 | |a Catàleg de l'exposició. | ||
| 590 | |a A la contracoberta: Junta de Canarias, Ayuntamiento de las Palmas, Patronato Provincial de Turismo de las Palmas | ||
| 650 | |a Catalunya |x Exposicions |9 22012 | ||
| 700 | |a Catalunya. Direcció General de Promoció Comercial |9 22013 | ||
| 901 | |a Arxiu | ||
| 942 | |n 1 | ||
| 952 | |0 0 |1 0 |4 0 |6 FU1715 |7 1 |9 42000 |a Arxiu |b Arxiu |d 2016-12-01 |l 0 |o FU-17-15 |p 1329 |r 2016-12-01 00:00:00 |w 2016-12-01 |y ARXIU | ||
| 999 | |c 44447 |d 44447 | ||